| 000 | 00830nam a2200229 i 4500 | ||
|---|---|---|---|
| 001 | 87517 | ||
| 003 | ES-MaACL | ||
| 007 | t| | ||
| 008 | 041222s1984 sp ||||1| spa d | ||
| 020 | _a84-7509-323-X | ||
| 100 | 1 |
_aLaban, Rudolf. _969199 |
|
| 245 | 1 | 0 |
_aDanza educativa moderna / _cRudolf Laban ; edición corregida y ampliada por Lisa Ullmann ; traducción de Amanda Ares Vidal. |
| 250 | _a3ª ed. en inglés, 1ª reimp. en España. | ||
| 260 |
_aBarcelona ; _aBuenos Aires : _bPaidós, _c1984. |
||
| 300 |
_a133 p. ; _c20 cm. |
||
| 490 | 1 |
_aBiblioteca de técnicas y lenguajes corporales ; _v2 |
|
| 700 | 1 |
_aUllmann, Lisa. _9111934 |
|
| 700 | 1 |
_aAres Vidal, Amanda. _922634 |
|
| 830 | 0 |
_aBiblioteca de técnicas y lenguajes corporales ; _v2 _9184147 |
|
| 852 |
_aES-MaACL _jL-9726 _bR.111533 |
||
| 999 |
_c87517 _d87517 |
||